Zákon o audítoroch

Dokončenie článku z HN č.162/02 o zákone o audítoroch. Čo hovorí zákon o živnostenskom podnikaní, o bankách, o rozpočtových pravidlách a o poisťovníctve o vykonávaní audítorských služieb. Vnútorný audit. Profesia audítora.

Salvato in:
Dettagli Bibliografici
Autore principale: Škultéty, Jozef
Natura: Capitolo di libro
Lingua:slovacco
Soggetti:
Tags: Aggiungi Tag
Nessun Tag, puoi essere il primo ad aggiungerne!!

MARC

LEADER 00000naa a2200000 4500
001 r045933
005 20230925130121.4
041 0 |a slo 
044 |a SK 
245 1 0 |a Zákon o audítoroch  |c Jozef Škultéty 
520 |a Dokončenie článku z HN č.162/02 o zákone o audítoroch. Čo hovorí zákon o živnostenskom podnikaní, o bankách, o rozpočtových pravidlách a o poisťovníctve o vykonávaní audítorských služieb. Vnútorný audit. Profesia audítora. 
610 2 0 |a audítorstvo 
610 2 0 |a audítori 
610 2 0 |a audit interný 
610 2 0 |a úpravy právne 
610 2 0 |a Slovensko 
100 1 |a Škultéty, Jozef